000 00347nam a22001217a 4500
082 _aP-41
100 _aMuhammad Zafar Raja, Capt
_950996
245 _aFlexible Pavement Design nowshera peshawar Highway Syn#1 OD-35
_bCapt Muhammad Zafar Raja
260 _aRisalpur,
_bMCE,
_c2000.
300 _a37p.
526 _a0
_b0
_c0
_dP_41
942 _2ddc
_cBK
999 _c553731
_d553731